[Event "10th KiiT Festival 2017"]
[Site "Bhubaneshwar"]
[Date "2017.05.27"]
[Round "2"]
[White "Prasant N Nayagam"]
[Black "Sidhant, Mohapatra"]
[Result "0-1"]
[WhiteElo "2087"]
[BlackElo "2393"]
[Annotator "NA"]
[PlyCount "112"]
[EventDate "2017.05.26"]
[EventType "swiss"]
[EventCountry "IND"]
[SourceTitle "playchess.com"]
[Source "ChessBase"]
[SourceQuality "1"]
[TimeControl "5400+30"]

1. d4 d5 2. Bf4 Nf6 3. e3 e6 4. c3 c5 5. Nd2 Nc6 6. Bd3 Be7 7. Ngf3 Nh5 8. Be5 a6 9. a3 Nxe5 10. Nxe5 Nf6 11. f4 Qc7 12. O-O b5 13. b4 c4 14. Bc2 O-O 15. Qf3 g6 16. Qh3 Kg7 17. Ndf3 a5 18. Ng5 Bd7 19. g4 h6 20. Ngf3 Ne4 21. Bxe4 dxe4 22. Nxd7 Qxd7 23. Ne5 Qd6 24. f5 Bf6 25. Qg3 g5 26. Rfd1 Rfe8 27. Rf1 axb4 28. fxe6 Rxe6 29. axb4 Rxa1 30. Rxa1 Bxe5 31. dxe5 Rxe5 32. Rf1 Qe6 33. Rd1 Rd5 34. Rd4 Rxd4 35. exd4 f5 36. gxf5 Qxf5 37. Qd6 Qg4+ 38. Kh1 Qf4 39. Qxf4 gxf4 40. Kg2 Kf6 41. Kf2 h5 42. Ke2 f3+ 43. Kf2 Kf5 44. Ke3 h4 45. h3 Kg5 46. d5 Kf5 47. Kf2 Ke5 48. d6 Kxd6 49. Ke3 Ke5 50. Kf2 Kf4 51. Kf1 Kg3 52. Kg1 e3 53. Kf1 Kxh3 54. Kg1 Kg3 55. Kf1 h3 56. Kg1 e2 0-1

[Event "10th KiiT Festival 2017"]
[Site "Bhubaneshwar"]
[Date "2017.05.27"]
[Round "2"]
[White "Tarini Goyal"]
[Black "Krishna C R G"]
[Result "0-1"]
[WhiteElo "2084"]
[BlackElo "2392"]
[Annotator "NA"]
[PlyCount "94"]
[EventDate "2017.05.26"]
[EventType "swiss"]
[EventCountry "IND"]
[SourceTitle "playchess.com"]
[Source "ChessBase"]
[SourceQuality "1"]
[TimeControl "5400+30"]

1. d4 f5 2. Nf3 Nf6 3. g3 g6 4. Bg2 Bg7 5. O-O O-O 6. b3 d6 7. Bb2 c6 8. Nbd2 a5 9. c4 Na6 10. Qc2 Qc7 11. a3 Re8 12. Rfe1 e5 13. dxe5 dxe5 14. e4 Nc5 15. Nh4 fxe4 16. Nxe4 Nfxe4 17. Bxe4 Qf7 18. Rad1 Bg4 19. f3 Be6 20. a4 Qc7 21. Ba3 Bf8 22. Bxg6 hxg6 23. Qxg6+ Qg7 24. Qxg7+ Kxg7 25. Rxe5 Nxb3 26. Bb2 Kf7 27. Rh5 Bc5+ 28. Kg2 Rg8 29. Rh7+ Kf8 30. Rxb7 Bxc4 31. Nf5 Re8 32. Rdd7 Be6 33. Rg7 Rd8 34. Rxg8+ Kxg8 35. Nh6+ Kf8 36. Bg7+ Ke8 37. g4 Rd2+ 38. Kh3 Bd6 39. Kh4 Rxh2+ 40. Kg5 Nd2 41. Kf6 Re2 42. Ra7 Nxf3 43. Rxa5 Bd5 44. Ra8+ Kd7 45. Ra7+ Kc8 46. g5 Nh4 47. g6 Rg2 0-1

[Event "10th KiiT Festival 2017"]
[Site "Bhubaneshwar"]
[Date "2017.05.27"]
[Round "2"]
[White "Lama, Himal"]
[Black "Ravi, Teja S"]
[Result "0-1"]
[WhiteElo "2073"]
[BlackElo "2369"]
[Annotator "NA"]
[PlyCount "90"]
[EventDate "2017.05.26"]
[EventType "swiss"]
[EventCountry "IND"]
[SourceTitle "playchess.com"]
[Source "ChessBase"]
[SourceQuality "1"]
[TimeControl "5400+30"]

1. e4 c6 2. d4 d5 3. exd5 cxd5 4. Bd3 Nc6 5. c3 Qc7 6. Ne2 Bg4 7. Bf4 Qxf4 8. Nxf4 Bxd1 9. Kxd1 e6 10. Bb5 Bd6 11. Nd3 Nge7 12. Nd2 a6 13. Ba4 f6 14. Re1 Kf7 15. Nf3 g5 16. Kc2 Rac8 17. Nc5 b5 18. Bb3 Bxc5 19. dxc5 Na5 20. a4 Rxc5 21. Nd4 bxa4 22. Bxa4 e5 23. Ne2 Rb8 24. Nc1 Nec6 25. Bxc6 Nxc6 26. Nd3 Rc4 27. Ra3 e4 28. Nc1 Nd4+ 29. Kb1 Nb5 30. Rxa6 Nxc3+ 31. Ka1 Ra4+ 32. Rxa4 Nxa4 33. b3 Nc5 34. Kb2 Rxb3+ 35. Nxb3 Nd3+ 36. Kc3 Nxe1 37. Kd4 Nxg2 38. Kxd5 e3 39. fxe3 Nxe3+ 40. Ke4 Ng4 41. Kf5 Nxh2 42. Nd2 h5 43. Ne4 Ng4 44. Nxg5+ fxg5 45. Kxg5 Nf6 0-1

[Event "10th KiiT Festival 2017"]
[Site "Bhubaneshwar"]
[Date "2017.05.27"]
[Round "2"]
[White "Pranav Anand"]
[Black "Roy Chowdhury, Saptarshi"]
[Result "1/2-1/2"]
[WhiteElo "2068"]
[BlackElo "2326"]
[Annotator "NA"]
[PlyCount "76"]
[EventDate "2017.05.26"]
[EventType "swiss"]
[EventCountry "IND"]
[SourceTitle "playchess.com"]
[Source "ChessBase"]
[SourceQuality "1"]
[TimeControl "5400+30"]

1. d4 Nf6 2. c4 d6 3. Nc3 Bf5 4. f3 e5 5. dxe5 dxe5 6. Qxd8+ Kxd8 7. e4 Be6 8. Be3 c6 9. O-O-O+ Nbd7 10. Bd3 Bc5 11. Bxc5 Nxc5 12. Nge2 Kc7 13. b3 a5 14. Bc2 Rad8 15. Rxd8 Rxd8 16. Rd1 Rxd1+ 17. Kxd1 Ne8 18. Ng3 f6 19. Kd2 g6 20. Nf1 Bf7 21. Ne3 Kd6 22. Bd3 Nc7 23. Ne2 N7a6 24. Bc2 Nc7 25. Bd3 Be6 26. Nc3 Bd7 27. Kc2 N5e6 28. Ne2 Nc5 29. a3 N7a6 30. Kc3 b5 31. cxb5 cxb5 32. Nd5 b4+ 33. axb4 axb4+ 34. Kc2 Nxd3 35. Kxd3 Bb5+ 36. Ke3 f5 37. Nc1 f4+ 38. Kd2 Bc6 1/2-1/2

[Event "10th KiiT Festival 2017"]
[Site "Bhubaneshwar"]
[Date "2017.05.27"]
[Round "2"]
[White "Manush Shah"]
[Black "Karthik Venkataraman"]
[Result "0-1"]
[WhiteElo "2056"]
[BlackElo "2317"]
[Annotator "NA"]
[PlyCount "96"]
[EventDate "2017.05.26"]
[EventType "swiss"]
[EventCountry "IND"]
[SourceTitle "playchess.com"]
[Source "ChessBase"]
[SourceQuality "1"]
[TimeControl "5400+30"]

1. d4 c5 2. c3 Nf6 3. Bf4 Qb6 4. Qc1 cxd4 5. cxd4 Nc6 6. e3 g5 7. Bg3 h5 8. Nc3 Qa5 9. a3 h4 10. b4 Qf5 11. Be5 Ng4 12. f4 Ncxe5 13. dxe5 gxf4 14. exf4 Bh6 15. g3 Nxe5 16. Qb1 Qxb1+ 17. Rxb1 Nc6 18. Nf3 hxg3 19. hxg3 e6 20. Ne4 Ke7 21. Rb2 d5 22. Neg5 Bd7 23. b5 Bg7 24. Rxh8 Rxh8 25. bxc6 Bxb2 26. cxd7 f6 27. Nh3 Bxa3 28. f5 e5 29. Nh4 Kxd7 30. Ng6 Rc8 31. g4 Rc1+ 32. Ke2 a5 33. g5 Be7 34. gxf6 Bxf6 35. Nf2 Rc2+ 36. Kf3 e4+ 37. Kg3 Ke8 38. Ng4 Kf7 39. Nf4 d4 40. Nd5 Bg5 41. Bc4 Kf8 42. Ne5 Kg7 43. Kg4 Rg2+ 44. Kh3 Rg1 45. Nd7 Rc1 46. Bb3 e3 47. f6+ Bxf6 48. N7xf6 e2 0-1

[Event "10th KiiT Festival 2017"]
[Site "Bhubaneshwar"]
[Date "2017.05.27"]
[Round "2"]
[White "Nirav Y, Rajasuba"]
[Black "Prasad, Devaki V"]
[Result "1/2-1/2"]
[WhiteElo "2036"]
[BlackElo "2312"]
[Annotator "NA"]
[PlyCount "70"]
[EventDate "2017.05.26"]
[EventType "swiss"]
[EventCountry "IND"]
[SourceTitle "playchess.com"]
[Source "ChessBase"]
[SourceQuality "1"]
[TimeControl "5400+30"]

1. e4 c5 2. Ne2 e6 3. Nbc3 a6 4. a4 Nc6 5. g3 d5 6. d3 Nf6 7. Bg2 dxe4 8. Nxe4 Be7 9. O-O O-O 10. Nxf6+ Bxf6 11. Nf4 g6 12. c3 Qc7 13. Be3 Ne7 14. Qb3 Nf5 15. Bc1 Rb8 16. a5 Bd7 17. Qa3 Rfd8 18. Re1 Bg7 19. Be4 Nd6 20. Bg2 Rbc8 21. h4 h5 22. Bd2 Re8 23. Rad1 Nb5 24. Qa2 Rcd8 25. Be3 e5 26. Nd5 Qd6 27. Bg5 Rb8 28. Qa1 Bc6 29. Nb6 Bxg2 30. Kxg2 Nc7 31. Qc1 Ne6 32. Bh6 Rbd8 33. Bxg7 Kxg7 34. Qe3 Qc6+ 35. Qe4 Qxe4+ 1/2-1/2

[Event "10th KiiT Festival 2017"]
[Site "Bhubaneshwar"]
[Date "2017.05.27"]
[Round "2"]
[White "Ritam Nag"]
[Black "Aradhya, Garg"]
[Result "0-1"]
[WhiteElo "2028"]
[BlackElo "2304"]
[Annotator "NA"]
[PlyCount "68"]
[EventDate "2017.05.26"]
[EventType "swiss"]
[EventCountry "IND"]
[SourceTitle "playchess.com"]
[Source "ChessBase"]
[SourceQuality "1"]
[TimeControl "5400+30"]

1. e4 e5 2. Bc4 Nf6 3. d3 Bc5 4. Nc3 Nc6 5. f4 d6 6. f5 Nd4 7. Bg5 c6 8. a3 d5 9. Ba2 dxe4 10. dxe4 Qb6 11. Na4 Qa5+ 12. c3 Nxe4 13. b4 Qxa4 14. cxd4 Qxd1+ 15. Rxd1 Bxd4 16. Nf3 Nc3 17. Nxd4 exd4 18. Rxd4 f6 19. Bd2 Nxa2 20. O-O Kf7 21. Ra1 Bxf5 22. Rxa2 Rhe8 23. Kf2 Re7 24. Bc3 Rae8 25. Rad2 Re3 26. Bb2 Rb3 27. Rf4 Be6 28. Rf3 Rxf3+ 29. Kxf3 Bd5+ 30. Kf2 Re4 31. Rd4 Ke6 32. Rxe4+ Bxe4 33. g4 Kd5 34. Ke3 h6 0-1

[Event "10th KiiT Festival 2017"]
[Site "Bhubaneshwar"]
[Date "2017.05.27"]
[Round "2"]
[White "Barath Kalyan M"]
[Black "Muthaiah AL"]
[Result "1/2-1/2"]
[WhiteElo "2024"]
[BlackElo "2289"]
[Annotator "NA"]
[PlyCount "114"]
[EventDate "2017.05.26"]
[EventType "swiss"]
[EventCountry "IND"]
[SourceTitle "playchess.com"]
[Source "ChessBase"]
[SourceQuality "1"]
[TimeControl "5400+30"]

1. d4 Nf6 2. Nf3 g6 3. g3 Bg7 4. Bg2 O-O 5. O-O d6 6. c4 Nc6 7. Nc3 Bf5 8. b3 Ne4 9. Bb2 Nxc3 10. Bxc3 Be4 11. Qd2 d5 12. Rfd1 a5 13. e3 e6 14. Ne1 Bxg2 15. Kxg2 a4 16. Nd3 b6 17. Nb4 Qd7 18. cxd5 exd5 19. Nxc6 Qxc6 20. Bb4 Rfc8 21. Rac1 Qb5 22. bxa4 Rxa4 23. a3 Bf8 24. Bxf8 Kxf8 25. Rc3 Rc4 26. Rxc4 dxc4 27. Qc3 Qd5+ 28. f3 c5 29. e4 cxd4 30. Rxd4 Qa5 31. Qxa5 bxa5 32. Rd2 Ke7 33. Kf2 Rb8 34. Rc2 Rb3 35. Rxc4 Rxa3 36. Rc7+ Ke6 37. Ra7 Ra2+ 38. Ke3 a4 39. f4 a3 40. Ra6+ Ke7 41. e5 h5 42. h4 Ra1 43. Kf2 Kd7 44. Kg2 a2 45. Kh2 Kc7 46. Kg2 Kb7 47. Ra3 Kc6 48. Ra6+ Kd5 49. Ra4 Ke6 50. Ra7 Kd5 51. Ra4 Kc5 52. Ra5+ Kd4 53. Ra8 Ke3 54. Ra3+ Ke4 55. Ra7 Ke3 56. Ra3+ Ke4 57. Ra7 Ke3 1/2-1/2

[Event "10th KiiT Festival 2017"]
[Site "Bhubaneshwar"]
[Date "2017.05.27"]
[Round "3"]
[White "Ghosh, Diptayan"]
[Black "Gukesh D"]
[Result "1/2-1/2"]
[WhiteElo "2569"]
[BlackElo "2283"]
[Annotator "TA"]
[PlyCount "67"]
[EventDate "2017.05.26"]
[EventType "swiss"]
[EventCountry "IND"]
[SourceTitle "playchess.com"]
[Source "ChessBase"]
[SourceQuality "1"]

{[%evp 31,67,4,5,0,26,5,10,0,0,0,0,0,0,0,0,-20,0,-7,44,19,22,8,19,22,112,-33,-19,-66,-12,-13,-16,-20,-16,-42,-41,-69,-59,-66]} 1. Nf3 d5 2. g3 Nf6 3. Bg2 e6 4. O-O Be7 5. c4 O-O 6. d4 dxc4 7. Qc2 a6 8. a4 Bd7 9. Qxc4 Bc6 10. Bf4 a5 11. Nc3 Na6 12. Ne5 {E05: Open Catalan: 5 Nf3 Be7} Bxg2 13. Kxg2 Nd5 14. Rad1 Nxf4+ 15. gxf4 Bd6 16. e3 Qh4 {LiveBook: 6 Games} 17. Qe2 {[#]} c6 $146 ({Predecessor:} 17... Bxe5 18. fxe5 f6 19. exf6 Rxf6 {½-½ (38) Caruana,F (2712)-Karjakin,S (2772) Poikovsky 2011}) 18. Ne4 Qe7 19. Kh1 f6 20. Nd3 Nb4 21. Nxb4 Bxb4 22. Rg1 Rad8 23. Qf3 b5 24. b3 e5 (24... f5 $11 25. Ng3 Rc8) 25. Ng3 Qe6 $1 26. axb5 cxb5 27. d5 Qd7 {[#]} (27... Qh3 $11) 28. f5 (28. Nh5 $1 $16 g6 29. f5) 28... Rf7 29. Ne4 a4 (29... Kh8 $15) 30. bxa4 $11 bxa4 31. Rb1 Bf8 32. Rb6 {[#] And now Nxf6+ would win.} Kh8 $1 33. d6 Qa7 34. Rgb1 {Precision: White = 41%, Black = 35%.} 1/2-1/2

[Event "10th KiiT Festival 2017"]
[Site "Bhubaneshwar"]
[Date "2017.05.27"]
[Round "3"]
[White "Rahman, Ziaur"]
[Black "Akash Pc, Iyer"]
[Result "1-0"]
[WhiteElo "2526"]
[BlackElo "2282"]
[Annotator "TA"]
[PlyCount "93"]
[EventDate "2017.05.26"]
[EventType "swiss"]
[EventCountry "IND"]
[SourceTitle "playchess.com"]
[Source "ChessBase"]
[SourceQuality "1"]

{[%evp 11,93,-4,16,13,9,12,12,0,6,0,0,-2,0,-50,0,4,13,-9,37,29,189,0,-3,-29,47,47,52,53,54,27,43,46,35,39,73,73,64,68,68,51,49,18,158,140,188,189,194,193,225,218,237,237,352,335,281,20,27,31,29,26,56,54,57,56,50,57,58,36,195,171,186,175,323,130,314,313,404,401,416,407,471,466,427,425]} 1. c4 e5 2. Nc3 Nc6 3. g3 g6 4. Bg2 Bg7 5. Rb1 f5 6. b4 Nf6 7. b5 {A25: English Opening vs King's Indian with ...Nc6 but without early d3} Ne7 8. Qb3 (8. e3 O-O 9. Nge2 d6 10. O-O g5 11. f4 gxf4 12. exf4 Ng6 13. d3 Kh8 14. Bb2 a6 {1-0 (51) Aronian,L (2785)-Mchedlishvili,M (2601) Doha 2016}) 8... d6 9. Nf3 {The position is equal.} Nd7 $146 ({Predecessor:} 9... e4 10. Nd4 Ng4 11. Nc2 Be6 12. d4 exd3 13. exd3 Ne5 14. Nd5 O-O {1-0 (26) Geller,U (2330)-Steiner,U Siegen 1970}) 10. O-O Nc5 11. Qc2 O-O 12. Ba3 Ne6 (12... e4 $15 13. Ne1 a6) 13. e3 $11 g5 {[%cal Bg6g5,Bg5g4][%mdl 32]} 14. Nd5 g4 15. Nh4 {Nxe7+ is the strong threat.} Ng6 $2 (15... Ng5 $11 {and Black has nothing to worry.}) 16. Nxg6 $2 (16. Nxf5 $18 Ng5 17. e4) 16... hxg6 17. c5 (17. d4 $5) 17... Nxc5 (17... dxc5 $11 18. Bxc5 Rf7) 18. Bxc5 $14 dxc5 19. Qxc5 Rf7 20. Nb4 {And now Bd5 would win.} Kh7 21. Rfd1 Rd7 22. d3 Qe8 23. Qc4 Bf8 24. Nd5 Qf7 25. a4 Bd6 26. Rdc1 Qg7 {[#]} (26... a6 $11 {keeps the balance.}) 27. h3 $1 $16 Rf7 28. hxg4 fxg4 {[#]} 29. Nc3 $1 Bf5 30. Bd5 Rf6 31. Kg2 Qf8 (31... Qe7 {might work better.} 32. Bxb7 Be6) 32. Rh1+ $18 (32. Bxb7 Be6 $14) 32... Kg7 {intending ...c6.} 33. Rbf1 $2 (33. Rh2 $18 {Threatens to win with Rbh1.} Bxd3 34. Qxd3 Rxf2+ 35. Kg1 Rxh2 36. Rf1 Qxf1+ 37. Qxf1) 33... c6 $1 $11 {[%cal Rc6d5]} 34. bxc6 $40 {[%mdl 128] White mounts an attack.} bxc6 35. Be4 Be6 36. Qxc6 Rc8 37. Qb7+ Rc7 38. Qb2 Ba3 39. Qa1 {aiming for Nb5.} Bb4 $2 (39... Rcf7 $14) 40. Nb5 Rc5 41. Qb2 ({Don't take} 41. Nxa7 $6 Rc2 $11) 41... a5 (41... a6 $142 42. d4 (42. Qxb4 axb5 43. axb5 Rc2 $18) 42... exd4) 42. Rc1 (42. Rh4 $18) 42... Rxc1 $2 (42... Bd7 $16 {is a better defense.} 43. d4 exd4) 43. Rxc1 $18 Kg8 44. Kg1 Bd7 45. Qxe5 Rxf2 46. Qd5+ Qf7 47. Qxf7+ {Precision: White = 53%, Black = 30%.} ({Inferior is} 47. Rc7 Rf1+ 48. Kh2 Rf2+ 49. Kg1 Rf1+ 50. Kh2 Rf2+ 51. Kh1 Rf1+ 52. Kh2 $11) 1-0

[Event "10th KiiT Festival 2017"]
[Site "Bhubaneshwar"]
[Date "2017.05.27"]
[Round "3"]
[White "Deviatkin, Andrei"]
[Black "Hegde, Ravi Gopal"]
[Result "1-0"]
[WhiteElo "2481"]
[BlackElo "2165"]
[Annotator "TA"]
[PlyCount "57"]
[EventDate "2017.05.26"]
[EventType "swiss"]
[EventCountry "IND"]
[SourceTitle "playchess.com"]
[Source "ChessBase"]
[SourceQuality "1"]

{[%evp 10,57,42,45,61,66,153,134,243,220,253,242,253,235,366,329,325,307,312,222,244,241,243,245,287,268,286,221,244,268,261,257,275,273,277,269,283,278,345,370,379,403,391,349,392,383,395,343,388,389]} 1. e4 e5 2. Nf3 Nc6 3. Bb5 f5 4. Nc3 Nf6 5. Qe2 fxe4 6. Nxe4 {Hoping for d4.} Be7 {C63: Ruy Lopez: Schliemann/Jaenisch Defence} (6... d5 7. Nxf6+ gxf6 8. d4 e4 9. Nh4 Be6 10. c3 Qd7 11. Qh5+ Bf7 12. Qf5 Be6 13. Qh5+ Bf7 14. Qf5 Be6 {½-½ (14) Deac,B (2543)-Radjabov,T (2710) Bastia 2016}) 7. Nxf6+ gxf6 {[#]} ({Black should try} 7... Bxf6 $14 8. d4 O-O) 8. d4 $1 $16 {[%cal Rf3e5,Bd2d4,Bd4e5][%mdl 544]} d5 $146 (8... O-O $16) (8... Nxd4 9. Nxd4) ({Predecessor:} 8... O-O 9. Bh6 Re8 10. O-O-O Kh8 11. Bxc6 bxc6 12. dxe5 d5 13. exd6 Bxd6 14. Qd3 {1-0 (54) Kveinys,A (2517)-Beinoras,M (2375) Vilnius 2014}) 9. dxe5 $18 O-O 10. Bh6 Re8 11. O-O-O {Strongly threatening Rxd5!} Bf8 (11... Kh8 {was necessary.} 12. c4 Bg4 13. cxd5 Nxe5 14. Bxe8 Qxe8) 12. Bxf8 Kxf8 13. Qd2 fxe5 14. Bc4 (14. Qxd5 $6 Qxd5 15. Rxd5 Bg4 $18) 14... Qf6 15. Bxd5 ({But not} 15. Qxd5 $6 Kg7) 15... Bf5 16. g4 Bg6 17. Qh6+ Qg7 18. Qxg7+ Kxg7 19. Bxc6 bxc6 20. Rd7+ Kg8 21. Re1 e4 22. Nh4 Rac8 23. b3 Re6 24. f4 Bf7 25. Nf5 Kf8 26. h4 c5 27. c4 Bg6 28. Ne3 Rd6 29. Rd1 {Precision: White = 93%, Black = 25%.} 1-0

[Event "10th KiiT Festival 2017"]
[Site "Bhubaneshwar"]
[Date "2017.05.27"]
[Round "3"]
[White "Grover, Sahaj"]
[Black "Datta Ramakrishna J"]
[Result "1/2-1/2"]
[WhiteElo "2478"]
[BlackElo "1364"]
[Annotator "TA"]
[PlyCount "81"]
[EventDate "2017.05.26"]
[EventType "swiss"]
[EventCountry "IND"]
[SourceTitle "playchess.com"]
[Source "ChessBase"]
[SourceQuality "1"]

{[%evp 15,81,12,43,44,43,41,58,60,69,40,33,10,16,12,8,8,14,-25,-11,-39,-35,-38,-31,-28,-14,-25,0,-104,-97,-98,-102,-102,-101,-100,-64,-62,-55,-97,6,0,0,0,0,-16,-6,-6,852,-127,-127,-134,-133,-133,-79,-81,-79,-78,-70,-59,-26,-35,0,-61,-27,-27,-27,-27,-27,-27]} 1. d4 f5 2. Nf3 Nf6 3. g3 e6 4. Bg2 Be7 5. O-O O-O 6. c4 Ne4 7. d5 Bf6 8. Qc2 {A92: Classical Dutch: Classical Stonewall (with ...Be7): Early deviations} Na6 {LiveBook: 3 Games} 9. Nfd2 Nxd2 10. Bxd2 {White is slightly better.} Nc5 $146 ({Predecessor:} 10... d6 11. Bc3 Bxc3 12. Nxc3 e5 13. a3 Qe8 14. b4 Bd7 15. c5 dxc5 {1-0 (41) Engqvist,T (2335)-Bellin,R (2395) Gausdal 1990}) 11. Nc3 a5 12. e4 (12. d6 $5) 12... d6 13. Rac1 (13. exf5 {looks sharper.} exf5 14. Be3 Bd7 15. Rad1 Re8 16. Rfe1) 13... Bxc3 14. Bxc3 Nxe4 15. Bxe4 fxe4 16. Qxe4 e5 17. f3 (17. Qg2 $5 {[%cal Rf2f4]}) 17... Bf5 $36 {[%mdl 2048] Black fights for an advantage.} 18. Qe3 Qd7 19. h4 Qa4 20. Qe2 Qxa2 21. Kg2 {[#]} (21. f4 $11 Bh3 22. Rfe1 exf4 23. Qf3) 21... b5 $1 {[%mdl 512] Hoping for ...b4.} 22. Ra1 (22. cxb5 Qb3) 22... Qxc4 23. Qxc4 bxc4 24. Rxa5 Rxa5 25. Bxa5 $17 {[%mdl 4096] Endgame KRB-KRB} Rb8 26. Bxc7 Rb4 ({Black should play} 26... Rxb2+ $17 27. Kg1 c3) 27. Kg1 Rxb2 28. Bxd6 Rd2 29. Bb4 Rd3 30. g4 Be6 $2 {[%mdl 8192] [#]} (30... Bd7 $11) 31. Kf2 $2 (31. dxe6 $18 Rd4 32. e7) 31... Bxd5 32. Ke2 Kf7 33. f4 exf4 (33... Rh3 $142 34. fxe5+ Ke6) 34. Rxf4+ Ke6 35. h5 Rb3 36. Bf8 Rb2+ 37. Ke3 Rb3+ 38. Kd2 (38. Ke2 $1 $11) 38... Rf3 39. Rxf3 {Black has an edge.} Bxf3 40. Bxg7 Bxg4 41. h6 {Precision: White = 38%, Black = 32%.} 1/2-1/2

[Event "10th KiiT Festival 2017"]
[Site "Bhubaneshwar"]
[Date "2017.05.27"]
[Round "3"]
[White "Khusenkhojaev, Muhammad"]
[Black "Fenil, Shah"]
[Result "1/2-1/2"]
[WhiteElo "2433"]
[BlackElo "2252"]
[Annotator "TA"]
[PlyCount "73"]
[EventDate "2017.05.26"]
[EventType "swiss"]
[EventCountry "IND"]
[SourceTitle "playchess.com"]
[Source "ChessBase"]
[SourceQuality "1"]

{[%evp 21,73,0,4,-14,-22,-18,-25,-29,-28,-25,-24,-25,-6,-6,-12,-10,-9,-8,0,0,0,0,0,0,0,0,0,0,0,-12,0,0,0,0,0,0,0,0,0,0,0,0,0,0,0,0,4,4,4,0,0,0,1,0]} 1. Nf3 Nf6 2. g3 d5 3. Bg2 c6 4. O-O Bg4 5. d3 Nbd7 6. c4 e6 7. Nbd2 Bd6 8. h3 Bh5 9. b3 O-O 10. Bb2 Qe7 11. a3 a5 12. e4 {A12: English Opening: 1...c6 with b3 by White} (12. Qc2 Rfc8 13. e4 dxe4 14. dxe4 e5 15. Nh4 Bc5 16. Kh1 Bg6 17. Nxg6 hxg6 18. Nf3 Rd8 19. Rfe1 Nh7 {0-1 (55) Nepomniachtchi,I (2751)-Salem,A (2633) Moscow 2017}) 12... dxe4 13. dxe4 {[#]} Be5 $1 {[%mdl 512]} 14. Bxe5 {Black has an edge.} Nxe5 15. Qc2 Nxf3+ 16. Nxf3 Bxf3 17. Bxf3 {The position is equal.} e5 18. c5 Rfd8 19. Rfd1 $146 ({Predecessor:} 19. Rad1 h5 {½-½ (30) Petrosian,S (2393)-Kogan,A (2504) Senden 2000}) 19... Ne8 {[%cal Bf6e8,Be8c7,Bc7e6,Be6c5][%mdl 32]} 20. Qc3 Rxd1+ 21. Rxd1 Nc7 22. Be2 Ne6 23. Qxe5 Qxc5 24. Qxc5 Nxc5 $11 {[%mdl 4096] Endgame KRB-KRN} 25. b4 axb4 26. axb4 Nxe4 27. Rd7 b5 28. Rc7 g6 29. Rxc6 Ra4 30. Bxb5 Rxb4 31. Bd3 Rd4 32. Bc2 Nd2 33. Kg2 Rc4 34. Rxc4 Nxc4 35. Kf3 Kg7 36. Ke4 Kf6 37. Kd4 {Precision: White = 77%, Black = 75%.} (37. Kd5 $5 {[%cal Rd5c4]} Nb6+ 38. Kd4 $11) 1/2-1/2

[Event "10th KiiT Festival 2017"]
[Site "Bhubaneshwar"]
[Date "2017.05.27"]
[Round "3"]
[White "Krishna Teja, N."]
[Black "Chakravarthi Reddy, M."]
[Result "0-1"]
[WhiteElo "2406"]
[BlackElo "2226"]
[Annotator "NA"]
[PlyCount "72"]
[EventDate "2017.05.26"]
[EventType "swiss"]
[EventCountry "IND"]
[SourceTitle "playchess.com"]
[Source "ChessBase"]
[SourceQuality "1"]
[TimeControl "5400+30"]

1. Nf3 g6 2. d4 Bg7 3. c4 d6 4. Nc3 Nf6 5. e4 O-O 6. Be2 Na6 7. Be3 c5 8. d5 e6 9. dxe6 Bxe6 10. Ng5 Bc8 11. Bf4 Re8 12. Bxd6 h6 13. Nxf7 Kxf7 14. e5 Re6 15. O-O Ne8 16. Bg4 Rxe5 17. Qf3+ Qf6 18. Bxe5 Qxf3 19. Bxf3 Bxe5 20. Rad1 Nac7 21. Ne4 Ne6 22. b3 Rb8 23. Rfe1 Bd4 24. g3 b6 25. Kg2 Ba6 26. Bg4 Bb7 27. Kf1 N6g7 28. Bh3 Nf5 29. Bg2 Ba6 30. Nd2 Bc3 31. Bd5+ Kf8 32. Re6 Nc7 33. Rxg6 Nxd5 34. Ne4 Bd4 35. Kg1 Nde7 36. Rg4 Bb7 0-1

[Event "10th KiiT Festival 2017"]
[Site "Bhubaneshwar"]
[Date "2017.05.27"]
[Round "3"]
[White "Sidhant, Mohapatra"]
[Black "Aditya Mittal"]
[Result "1/2-1/2"]
[WhiteElo "2393"]
[BlackElo "2211"]
[Annotator "NA"]
[PlyCount "50"]
[EventDate "2017.05.26"]
[EventType "swiss"]
[EventCountry "IND"]
[SourceTitle "playchess.com"]
[Source "ChessBase"]
[SourceQuality "1"]
[TimeControl "5400+30"]

1. e4 c5 2. Nf3 d6 3. d4 cxd4 4. Nxd4 Nf6 5. f3 e5 6. Nb3 d5 7. Bg5 Be6 8. Bxf6 gxf6 9. exd5 Qxd5 10. Qxd5 Bxd5 11. Nc3 Be6 12. Nb5 Na6 13. Rd1 Be7 14. c3 O-O 15. Nd6 Bxd6 16. Rxd6 Rad8 17. Rxd8 Rxd8 18. Bxa6 bxa6 19. Nc1 a5 20. Rf1 a4 21. Rf2 Rc8 22. a3 Kf8 23. Rd2 Ke7 24. Kf2 Bc4 25. Ke3 Ke6 1/2-1/2

[Event "10th KiiT Festival 2017"]
[Site "Bhubaneshwar"]
[Date "2017.05.27"]
[Round "3"]
[White "Krishna C R G"]
[Black "Doshi, Moksh Amitbhai"]
[Result "1-0"]
[WhiteElo "2392"]
[BlackElo "2188"]
[Annotator "NA"]
[PlyCount "45"]
[EventDate "2017.05.26"]
[EventType "swiss"]
[EventCountry "IND"]
[SourceTitle "playchess.com"]
[Source "ChessBase"]
[SourceQuality "1"]
[TimeControl "5400+30"]

1. Nf3 c5 2. e3 Nf6 3. d4 e6 4. Bd3 d5 5. O-O Be7 6. b3 O-O 7. Nbd2 b6 8. Bb2 Bb7 9. Ne5 Nbd7 10. Qf3 Rc8 11. Qh3 Ne4 12. Rad1 Ng5 13. Qh5 f5 14. Nxd7 Qxd7 15. dxc5 bxc5 16. f4 Nf7 17. Rf3 Nd6 18. Rh3 h6 19. Bxg7 Kxg7 20. Qxh6+ Kf7 21. Qh5+ Kf6 22. Qh7 Nf7 23. Rg3 1-0

[Event "10th KiiT Festival 2017"]
[Site "Bhubaneshwar"]
[Date "2017.05.27"]
[Round "3"]
[White "Ravi, Teja S"]
[Black "Singh, Y  Dhanabir"]
[Result "1-0"]
[WhiteElo "2369"]
[BlackElo "2134"]
[Annotator "NA"]
[PlyCount "75"]
[EventDate "2017.05.26"]
[EventType "swiss"]
[EventCountry "IND"]
[SourceTitle "playchess.com"]
[Source "ChessBase"]
[SourceQuality "1"]
[TimeControl "5400+30"]

1. d4 g6 2. Nf3 Bg7 3. c4 d6 4. Nc3 e5 5. g3 Nc6 6. dxe5 Nxe5 7. Nxe5 Bxe5 8. Bg2 Ne7 9. O-O O-O 10. Bg5 Be6 11. Qd3 Qd7 12. Rfd1 Rfe8 13. Rac1 f6 14. Be3 Nc6 15. Nd5 f5 16. b4 Bg7 17. Qb3 a6 18. b5 axb5 19. cxb5 Ne7 20. Rxc7 Qxc7 21. Nxc7 Bxb3 22. axb3 d5 23. Nxa8 Rxa8 24. Bxd5+ Nxd5 25. Rxd5 Rf8 26. Bc5 Rc8 27. b4 Bf8 28. Bxf8 Rxf8 29. Rd7 Rf7 30. Rxf7 Kxf7 31. Kg2 Ke6 32. Kf3 Kd5 33. Kf4 Kc4 34. b6 Kxb4 35. g4 fxg4 36. e4 Kc5 37. Ke5 h5 38. Kf6 1-0